| 000 | 00889nam a22002177a 4500 | ||
|---|---|---|---|
| 005 | 20150323125801.0 | ||
| 010 | _aENG-112219 | ||
| 020 |
_a9788175348875 _c1695.00 |
||
| 035 | _aEN-95751 | ||
| 037 | _bDBAD/PUB | ||
| 082 | _a343.540772 | ||
| 100 | _aSarin, Harbans Lal | ||
| 245 |
_aEncyclopaedia of petroleum laws : _cby Harbans Lal Sarin [and] Manmohan Lal Sarin _bcovering act, rules, orders, notifications, allied laws, policies, regulations, international laws, glossary, model specimen documents, important addresses & digest of relevant cases / |
||
| 250 | _a11th ed | ||
| 260 |
_aDelhi _bUniversal Law Publishing _c2010 |
||
| 270 |
_aA-58, G.T. Karnal Road Industrial Area, _bDelhi _e110033 |
||
| 300 |
_axxii,1745p. _c25cm(Hb) |
||
| 650 |
_a Petroleum law and legislation _zIndia. |
||
| 700 | _aSarin, Manmohan Lal | ||
| 942 |
_2ddc _cEN _mSAR _h343.540772 |
||
| 999 |
_c91692 _d91692 |
||